000 00789nam a22001815i 4500
001 163500
003 ES-MaACL
005 20230906212742.0
008 951113s1828 sp |||| | spa d
040 _aCARM
_bspa
_cCCPB | SIC
100 1 _aRicherand, Balthasar-Anthelme.
_9131798
245 1 0 _aNuevos elementos de fisiología /
_cpor el Caballero Richerand... ; traducida del frances al castellano de la novena y ultima edición, revista, corregida y aumentada considerablemente sobre las anteriores...
260 _aMadrid :
_b[s.n.],
_c1828 (
_fImp. que fue de Fuentenebro)
300 _a4 v. ;
_c15 cm.
595 1 _aEn t. III consta: "Imprenta de Verges, calle de la Greda"
752 _aEspaña -
_dMadrid
852 _aES-MaACL
_jF-1089
_z-- Enc. pasta española
_q-- Sólo t.II
999 _c163500
_d163500